000 00752nam0a22002531 4500
001 rc\4754441
005 20250613065138.0
021 _aRU
_b[59-26955]
035 _a(NLR Aleph) 008994402
090 _a9267181
_c9267181
100 _a20130417d1959 |||y0rusy50 ca
101 1 _arus
_ceng
102 _aRU
105 _ay z |||a|
200 1 _aКарьера
_eПьеса в 3 актах
_f[Пер. с англ. П.В. Мелковой]
210 _aЛенинград
_aМосква
_cИскусство
_d1959
215 _a71 с.
_d22
700 1 _aЛи
_bД.Г.
_gДжеймс Генри
702 1 _aМелкова
_bП.В.
_4730
801 0 _aRU
_bNLR
_gpsbo
801 1 _aRU
_bELAR
_2rusmarc
852 _aNLR
_j59-6/4247
942 _cBOOK
980 _aNB